000 00552nam a22002057a 4500
008 240702b mp ||||| |||| 00| 0 mon d
035 _a16868
040 _aZA2481090
_bmon
_cMN-UlNLM
_dMN-UlNLM
_erda
041 _amon
042 _a40317
084 _2NNA
_a28.6
_bА-35
100 _aАйгнэр Э.
245 0 _aЭрвээхий
264 _aулаанбаатар
_bАдмон ХХК
300 _a10х.
336 _2rdacontent
_atext
_btxt
337 _2rdamedia
_aunmediated
_bn
338 _2rdacarrier
_avolume
_bnc
942 _2NNA
_cBK
999 _c1084688
_d1084745